Every Song by Mother Love Bone - Statistics

General Stats
  • This quiz has been taken 12 times
    9 since last reset
  • The average score is 10 of 18
Answer Stats
Album Song % Correct
Apple(1990) Chloe Dancer/Crown of Thorns
86%
Shine(Bonus)(1989) Capricorn Sister
71%
Apple(1990) Capricorn Sister
71%
Apple(1990) Come Bite the Apple
71%
Shine(1989) Half Ass Monkey Boy
71%
Apple(1990) Man of Golden Words
71%
Apple(1990) Stardog Champion
71%
Apple(1990) Bone China
57%
Apple(1990) Gentle Groove
57%
Apple(1990) Stargazer
57%
Apple(1990) This is Shangrila
57%
Apple(1990) Captain Hi-Top
43%
Apple(1990) Heartshine
43%
Apple(1990) Holy Roller
43%
Shine(1989) Mindshaker Meltdown
43%
Apple(1990) Mr. Danny Boy
43%
Shine(1989) Thru Fade Away
43%
Apple(Bonus)(1990) Lady Godiva Blues
29%
No matching quizzes found
Score Distribution
Percent of People with Each Score
Percentile by Number Answered
Your Score History
You have not taken this quiz since the last reset